000 00577nam a22002297a 4500
003 UA-OsUOA
001 63255
007 ta
008 20090921b un ||||| |||| 00| 0 ukr d
100 _aГладков Ф.
090 _a821.161.2
_bГ52
942 _cBK
040 _aUA-OsUOA
_bukr
_cUA-OsUOA
_dUA-OsUOA
245 _aПовість про дитинство
300 _a335 с.
955 _a2
041 _aukr
080 _a821.161.2
260 _aК.
_c1951
650 7 _a82 Література. Літературознавство
_2UDC
999 _c349339
_d349339